Statistics for Countries in the Alps

Click here to take the quiz!

General Stats

  • This quiz has been taken 29,907 times
  • The average score is 6 of 7

Answer Stats

Country % Correct
Switzerland
99%
France
98%
Austria
97%
Germany
97%
Italy
97%
Liechtenstein
85%
Slovenia
73%

Score Distribution

Percentile by Number Answered

Percent of People with Each Score

Your Score History

You have not taken this quiz